MARC

LEADER 00000nas1a2200000 4500
001 380556
005 20231101062704.0
011 |a 0236-235X 
035 |a (RuTPU)RU\TPU\prd\1699 
035 |a RU\TPU\prd\314 
090 |a 380556 
100 |a 20020219a19879999k y0rusy50 ca 
101 0 |a rus 
102 |a RU 
110 |a ahaz|||0uu0 
200 1 |a Программные продукты и системы  |e международный научно-практический журнал  |f МНИИПУ (Москва) ; Главная редакция международного журнала "Проблемы теории и практики управления" 
210 |a Тверь  |c НИИ "Центрпрограммсистем"  |d 1991-2006, 2008-2018 
305 |a Издается с 1987 г. 
326 |a 4 номера в год 
469 |0 (RuTPU)RU\TPU\subscr\189 
610 1 |a программное обеспечение 
610 1 |a аппаратные средства 
610 1 |a искусственный интеллект 
610 1 |a системы автоматизированного проектирования 
610 1 |a система защиты 
610 1 |a защита информации 
610 1 |a несанкционированный доступ 
610 1 |a автоматика 
610 1 |a вычислительная техника 
675 |a 004.3  |v 3 
675 |a 004.7  |v 3 
712 0 2 |a МНИИПУ (Москва) 
712 0 2 |a Главная редакция международного журнала "Проблемы теории и практики управления"  |4 570 
801 0 |a RU  |b 63413507  |c 20011210  |g PSBO 
801 2 |a RU  |b 63413507  |c 20210520  |g PSBO 
856 4 |u http://www.swsys.ru/ 
856 4 |u http://elibrary.ru/title_about.asp?id=9834 
942 |c CR 
969 |0 001RU\TPU\subscr\189